La luciernaga: (Registro nro. 30795)

Detalles MARC
000 -LÍDER
campo de control de longitud fija 00729nam a22002057a 4500
005 - FECHA Y HORA DE LA ÚLTIMA
campo de control 20240809125737.0
008 - ELEMENTOS DE DATOS DE LONGITUD FIJA - INFORMACIÓN GENERAL
campo de control de longitud fija 240809r2017 ck a|||| |||| 00| 0 spa d
020 ## - NÚMERO INTERNACIONAL NORMALIZADO DEL LIBRO
Número de libro estándar internacional 9789584263650
037 ## - FUENTE DE ADQUISICIÓN
Materials specified Donación
040 ## - FUENTE DE CATALOGACIÓN
Agencia de catalogación original CO-JMCR
Agencia de transcripción CO-JMCR
Agencia modificadora CO-JMCR
Convenciones de descripción rda
041 ## - CÓDIGO DE IDIOMA
Código de idioma del texto/pista de sonido o título independiente spa
082 ## - NÚMERO DE CLASIFICACIÓN DECIMAL DEWEY
Número de clasificación 384.544
Número de artículo L93l
245 ## - DECLARACIÓN DEL TÍTULO
Título La luciernaga:
Resto del título Los protagonistas del mejor programa radial del país cuentan anécdotas, embarradas, momentos memorables y cómo el humor los ha salvado
246 ## - FORMA VARIABLE DEL TÍTULO
Título propiamente dicho/título corto La luciernaga 25 años
260 ## - PUBLICACIÓN, DISTRIBUCIÓN, ETC.
Lugar de publicación, distribución, etc. Bogotá :
Nombre del editor, distribuidor, etc. Planeta ,
Fecha de publicación, distribución, etc. 2017
300 ## - DESCRIPCIÓN FÍSICA
Medida 203 páginas ;
Otros detalles fisicos Ilustraciones a color
Dimensiones 23 cm.
650 14 - ENTRADA AÑADIDA DE ASUNTO - TÉRMINO TEMÁTICO
Fuente del encabezado o término JMCR
-- Humor colombiano
9 (RLIN) 43780
650 24 - ENTRADA AÑADIDA DE ASUNTO - TÉRMINO TEMÁTICO
Fuente del encabezado o término JMCR
-- Programa radial
Subdivisión geográfica Colombia
9 (RLIN) 43781
942 ## - ELEMENTOS DE ENTRADA AÑADIDOS (KOHA)
Source of classification or shelving scheme Dewey Decimal Classification
Tipo de artículo Koha Books
999 ## -
-- 30795
-- 17179
Existencias
Estado retirado